000 01099nam a2200301 c 4500
001 10053
003 ES-MaCES
005 20141221122041.0
008 000112s1999 sp l o000 | spa d
017 _aVA 401-1999
_bDL
035 _aCES20000000392m
040 _aES-MaCES
_bspa
_cES-MaCES
245 0 0 _aDictamen 20-97
_b: sobre el proyecto de Decreto por el que se establece la regulación de los horarios comerciales en el ámbito de la Comunidad de Castilla y León para el año 2000
_cConsejo Económico y Social, Comunidad de Castilla y León
260 _a[Valladolid]
_bCES
_c1999
300 _a5 p.
_c30 cm
500 _aDir. de internet: http:\\www.cescyl.es
541 _cGratuito
650 4 _acomercio
_927943
650 4 _ahorario comercial
_930971
650 4 _aCastilla y León
_930782
650 4 _arégimen jurídico
_929894
650 4 _ainforme preliminar
_928983
653 1 0 _aComercio interno
710 2 _aConsejo Económico y Social (Castilla y León)
_92405
902 _aLIB Libro
942 _2CES
_cBK
_h0.0.
999 _c10053
_d10053